|
|
|
|
| LEADER |
00000nas a2200000 a 4500 |
| 001 |
ssj0000132 |
| 003 |
WaSeSS |
| 005 |
20200512172242.0 |
| 006 |
m d |
| 007 |
cr n |
| 008 |
961023c19649999inuqr pss 0 a0eng c |
| 010 |
|
|
|a sn 97023007
|
| 015 |
|
|
|a GBB414860
|2 bnb
|
| 016 |
7 |
|
|a 020083378
|2 DE-101
|
| 016 |
7 |
|
|a 2002867-2
|2 DE-600
|
| 016 |
7 |
|
|a 015737947
|2 Uk
|
| 022 |
|
|
|a 1945-2314
|l 0021-8723
|y 0021-8723
|
| 035 |
|
|
|a (WaSeSS)ssj0000132
|
| 037 |
|
|
|b Organization of American Historians, 1215 E. Atwater, Bloomington, IN 47401
|
| 040 |
|
|
|a GZM
|b eng
|c GZM
|d EYM
|d OCL
|d EYM
|d IUL
|d OCL
|d OCLCQ
|d MUQ
|d UQ1
|d NSD
|d CIT
|d OCLCQ
|d UKMGB
|d OCLCQ
|d GBVCP
|d OCLCQ
|d OCLCF
|d VT2
|d OCLCQ
|d DEBBG
|d NLE
|d OCLCA
|d EZC
|d GILDS
|d OCLCO
|d NJT
|d SFB
|d CNMTR
|d WaSeSS
|
| 042 |
|
|
|a pcc
|a nsdp
|
| 043 |
|
|
|a n-us---
|
| 050 |
|
4 |
|a E171
|b .J87
|
| 082 |
1 |
0 |
|a 973
|2 14
|
| 130 |
0 |
|
|a Journal of American history (Bloomington, Ind. : Online)
|
| 210 |
0 |
|
|a J. Am. hist.
|b (Bloomingt. Ind. Online)
|
| 222 |
|
4 |
|a The Journal of American history
|b (Bloomington, Ind. Online)
|
| 245 |
1 |
4 |
|a The journal of American history
|h [electronic resource].
|
| 260 |
|
|
|a Bloomington, Ind. :
|b Mississippi Valley Historical Association,
|c ©1964-
|
| 310 |
|
|
|a Quarterly
|
| 362 |
0 |
|
|a Vol. 51, no. 1 (June 1964)-
|
| 500 |
|
|
|a Published 1964-Mar. 1965 by the Mississippi Valley Historical Association; June 1965- by the Organization of American Historians.
|
| 500 |
|
|
|a Place of publication varies.
|
| 506 |
|
|
|a License restrictions may limit access.
|
| 538 |
|
|
|a Mode of access: World Wide Web.
|
| 588 |
|
|
|a Description based on JSTOR World Wide Web homepage; title from title screen.
|
| 650 |
|
7 |
|a Périodique électronique (Descripteur de forme)
|2 rasuqam
|
| 650 |
|
7 |
|a Ressource Internet (Descripteur de forme)
|2 rasuqam
|
| 650 |
|
7 |
|a Histoire.
|2 rasuqam
|
| 651 |
|
0 |
|a United States
|x History
|v Periodicals.
|
| 651 |
|
6 |
|a États-Unis
|x Histoire
|x Périodiques.
|
| 651 |
|
7 |
|a United States.
|2 fast
|0 (OCoLC)fst01204155
|
| 651 |
|
7 |
|a États-Unis.
|2 rasuqam
|
| 655 |
|
0 |
|a Electronic journals.
|
| 710 |
2 |
|
|a Mississippi Valley Historical Association.
|
| 710 |
2 |
|
|a Organization of American Historians.
|
| 776 |
1 |
|
|t Journal of American history (Bloomington, Ind.)
|x 0021-8723
|w (DLC) 41015235
|w (OCoLC)1754428
|
| 780 |
0 |
0 |
|t Mississippi Valley historical review (Online)
|w (DLC)sn 97023021
|w (OCoLC)35781793
|
| 856 |
4 |
0 |
|z Full text available from Research Library: 03/01/1988 to 12/31/2011
|u https://search.proquest.com/publication/41964
|